Is the Next EU Enlargement Taking Shape?
Európa v meniacom sa svete. Budúce rozširovanie Európskej únie, prístupové rokovania kandidátskych krajín a uplatňované modely v prípade ďalších rozšírení Európskej únie.
Saved in:
| Main Author: | |
|---|---|
| Format: | Book Chapter |
| Language: | English |
| Subjects: | |
| Tags: |
No Tags, Be the first to tag this record!
|
MARC
| LEADER | 00000naa a2200000 4500 | ||
|---|---|---|---|
| 001 | 0303644 | ||
| 005 | 20240815092841.6 | ||
| 041 | 0 | |a eng | |
| 044 | |a HU | ||
| 245 | 1 | 0 | |a Is the Next EU Enlargement Taking Shape? |c Péter Gottfried |
| 520 | |a Európa v meniacom sa svete. Budúce rozširovanie Európskej únie, prístupové rokovania kandidátskych krajín a uplatňované modely v prípade ďalších rozšírení Európskej únie. | ||
| 610 | 2 | 0 | |a Európska únia |
| 610 | 2 | 0 | |a spolupráca medzinárodná |
| 610 | 2 | 0 | |a ekonomika |
| 610 | 2 | 0 | |a politika |
| 610 | 2 | 0 | |a integrácia ekonomická medzinárodná |
| 610 | 2 | 0 | |a predpisy právne |
| 610 | 2 | 0 | |a legislatíva |
| 100 | 1 | |a Gottfried, Péter | |